000 00632nam a2200157Ia 4500
008 210423s2012 xx 000 0 und d
020 _a8189301225
041 _aeng
082 _a380.02 KUMS
100 _aKUMAR (Sajit);GAGAN (M).
245 _aTruemans specific series UGC NET/SET for JRF and eligibility test for lectureship: paper one: teaching and research aptitude.
260 _aNew Delhi
_bDanika publishing company
_c2012
300 _axvi,500
_bPB
365 _b300
_cINR
906 _aaptitude. ; eligibility ; JRF ; lectureship: ; NET/SET ; one: ; paper ; research ; series ; specific ; teaching ; test ; Truemans ; UGC
999 _c160177
_d160177